00741 2200289 4500001002100000005001700021006001900038008004100057020002200098035002500120090001700145100002100162245003000183250001200213260002800225990001800253990001800271990001800289990001800307990001800325990001800343990001800361990001800379990001800397990001800415990001800433INLIS00000000000936420140228093459.0a ||| | 180719| ||| |  a978-979-015-865-8 a0010-101300000000590 a791.43 DEN b0 aFitryan G.Dennis00aBekerja Sebagai Sutradara acet, 12 aJakartabErlanggac2008 a10499/PN/2013 a10500/PN/2013 a10499/PN/2013 a10499/PN/2013 a10500/PN/2013 a10499/PN/2013 a10500/PN/2013 a10499/PN/2013 a10500/PN/2013 a10499/PN/2013 a10500/PN/2013